000 00301nam a22001337a 4500
008 190225b xxu||||| |||| 00| 0 eng d
020 _a9780495114475
041 _aeng
080 _211th
_a510
100 _a36
101 _aMAT
245 _aThe Nature of Mathematics
_cSmith, K.J
942 _2udc
_cBK
999 _c54230
_d54230